header

Common sense (Record no. 231261)

MARC details
000 -LEADER
fixed length control field 01817nam a2200373 a 4500
082 04 - DEWEY DECIMAL CLASSIFICATION NUMBER
Classification number 320.01/1
100 1# - MAIN ENTRY--AUTHOR NAME
Personal name Rosenfeld, Sophia A.
245 10 - TITLE STATEMENT
Title Common sense
260 ## - PUBLICATION, DISTRIBUTION, ETC. (IMPRINT)
Place of publication Cambridge, Mass. :
Name of publisher Harvard University Press,
Year of publication 2011.
300 ## - PHYSICAL DESCRIPTION
Number of Pages 337 p., [14] p. of plates :
Other physical details ill.
505 0# - FORMATTED CONTENTS NOTE
Formatted contents note The ghost of common sense: London, 1688-1739 -- Everyman's perception of the world: Aberdeen, 1758-1770 -- The radical uses of bon sens: Amsterdam, 1760-1775 -- Building a common sense republic: Philadelphia, 1776 -- Making war on revolutionary reason: Paris, 1790-1792 -- Konigsberg to New York: the fate of common sense in the modern world.
650 #0 - SUBJECT ADDED ENTRY--TOPICAL TERM
Topical Term Political science
Topical Term Democracy
856 40 - ELECTRONIC LOCATION AND ACCESS
Uniform Resource Identifier http://site.ebrary.com/lib/rucke/Doc?id=10496846

No items available.

© 2026 Rongo University
Contact us: librarian | system librarian | Rongo university